000 00992namaa22002177i 4500
001 174361
003 ES-MaACL
005 20250815105713.0
008 100407s1931 sp | |||| ||spa d
080 _a595.792(460)
100 1 _aCeballos y Fernández de Córdoba, Gonzalo.
_9142460
245 1 0 _aEstudios sobre icneumónidos de España.
_nII,
_pSubfamilia Cryptinae
_b: (tribu Cryptini) /
_cpor Gonzalo Ceballos.
260 _aMadrid :
_bJunta para la Ampliación de Estudios e Investigaciones Científicas,
_c1931 (
_fJ. Molina, Imp.)
300 _a206 p. :
_bil. ;
_c24 cm.
490 1 _aTrabajos del Museo Nacional de Ciencias Naturales. Serie Zoológica ;
_v56
650 4 _aIcneumónidos-
_zEspaña.
_9142461
710 2 _aJunta para la Ampliación de Estudios e Investigaciones Científicas.
_95413
830 0 0 _aTrabajos del Museo Nacional de Ciencias Naturales.
_pSerie zoológica
_v56
_9189348
852 _aES-MaACL
_jB-13155(3)
_z.- Rúst.
999 _c174361
_d174361